Textbook of hotel housekeeping management (Record no. 152352)

MARC details
000 -LEADER
fixed length control field 00385nam a2200145Ia 4500
008 - FIXED-LENGTH DATA ELEMENTS--GENERAL INFORMATION
fixed length control field 230917s9999||||xx |||||||||||||| ||und||
040 ## - CATALOGING SOURCE
-- 203157
Original cataloging agency VIVEKANANDA LIBRARY
041 ## - Language
-- English
082 ## - DDC NUMBER
Classification number 647.94 A26T
100 ## - MAIN ENTRY--PERSONAL NAME
Personal name andrews, Sudhir
245 #0 - TITLE STATEMENT
Title Textbook of hotel housekeeping management
260 ## - PUBLICATION, DISTRIBUTION, ETC. (IMPRINT)
Place of publication, distribution, etc New Delhi
Name of publisher, distributor, etc Tata McGraw-Hill
Date of publication, distribution, etc 2008
300 ## - PHYSICAL DESCRIPTION
Pages 478 p.
942 ## - ADDED ENTRY ELEMENTS (KOHA)
Koha item type Books
245 #0 - TITLE STATEMENT
-- operation
Holdings
Withdrawn status Lost status Damaged status Not for loan Location (home branch) Sublocation or collection (holding branch) Shelving location Date acquired Koha issues (times borrowed) Koha full call number Accession No. Koha date last seen Koha item type
        VIVEKANANDA LIBRARY VIVEKANANDA LIBRARY IHTM Library 11/10/2012   647.94 A26T 275483 17/09/2023 Books
        VIVEKANANDA LIBRARY VIVEKANANDA LIBRARY IHTM Library 11/10/2012   647.94 A26T 275484 17/09/2023 Books
        VIVEKANANDA LIBRARY VIVEKANANDA LIBRARY IHTM Library 11/10/2012   647.94 A26T 275485 17/09/2023 Books
© Designed and Maintained by Vivekananda Library, MDU Rohtak